|
|
|
|
| LEADER |
00000nmm0a2200000 4500 |
| 001 |
140528 |
| 005 |
20231031142055.0 |
| 010 |
|
|
|a 9785977500845
|
| 035 |
|
|
|a (RuTPU)RU\TPU\book\152243
|
| 090 |
|
|
|a 140528
|
| 100 |
|
|
|a 20080702d2007 km y0rusy50 ca
|
| 101 |
0 |
|
|a rus
|
| 102 |
|
|
|a RU
|
| 105 |
|
|
|a a z 001zy
|
| 200 |
1 |
|
|a Ассемблер для Windows
|f В. Ю. Пирогов
|
| 205 |
|
|
|a 4-е изд.
|
| 210 |
|
|
|a СПб.
|c БХВ-Петербург
|d 2007
|
| 215 |
|
|
|a 873 с.
|c ил.
|e CD-ROM
|
| 225 |
1 |
|
|a Профессиональное программирование
|
| 320 |
|
|
|a Библиогр.: с. 867-868.
|
| 320 |
|
|
|a Предметный указатель: с. 869-873.
|
| 330 |
|
|
|a Рассмотрены необходимые сведения для программирования Windows-приложений на ассемблерах MASM и TASM: разработка оконных и консольных приложений; создание динамических библиотек; многозадачное программирование; программирование в локальной сети, в том числе и с использованием сокетов; создание драйверов, работающих в режиме ядра; простые методы исследования программ и др. В 4-м издании материал существенно переработан в соответствии с новыми возможностями ОС. Значительно шире рассмотрены вопросы управления файлами и API-программирования в Windows. Добавлен материал по программированию в ОС семейства Windows NT: Windows 2000/ XP/ Server 2003/Vista. На компакт-диске приведены многочисленные примеры, сопровождающие текст и проверенные на работоспособность в операционной системе Windows Vista.
|
| 610 |
1 |
|
|a операционные системы
|
| 610 |
1 |
|
|a Windows
|
| 610 |
1 |
|
|a MASM
|
| 610 |
1 |
|
|a программирование
|
| 610 |
1 |
|
|a Ассемблер
|
| 610 |
1 |
|
|a текстовая информация
|
| 610 |
1 |
|
|a кодирование
|
| 610 |
1 |
|
|a графика
|
| 610 |
1 |
|
|a консольные приложения
|
| 610 |
1 |
|
|a файлы
|
| 610 |
1 |
|
|a сетевое программирование
|
| 610 |
1 |
|
|a системное программирование
|
| 610 |
1 |
|
|a программы
|
| 610 |
1 |
|
|a отладка
|
| 610 |
1 |
|
|a драйверы
|
| 610 |
1 |
|
|a CD-ROM
|
| 675 |
|
|
|a 681.3.066
|v 3
|
| 700 |
|
1 |
|a Пирогов
|b В. Ю.
|g Владислав Юрьевич
|
| 801 |
|
1 |
|a RU
|b 63413507
|c 20080702
|g PSBO
|
| 801 |
|
2 |
|a RU
|b 63413507
|c 20221207
|g PSBO
|
| 942 |
|
|
|c MX
|
| 959 |
|
|
|a 69/20080701
|d 2
|e 369,00
|f АНЛ:1
|f ЧЗТЛ:1
|
| 959 |
|
|
|a 90/20090907
|d 1
|e 369,00
|f АНЛ:1
|